Hegel en son temps. Berlin, 1818-1831
Wedi'i Gadw mewn:
| Prif Awdur: | |
|---|---|
| Fformat: | Llyfr |
| Iaith: | Ffrangeg |
| Cyhoeddwyd: |
París
Editions Sociales
1968
|
| Pynciau: | |
| Tagiau: |
Ychwanegu Tag
Dim Tagiau, Byddwch y cyntaf i dagio'r cofnod hwn!
|
MARC
| LEADER | 00000nam a2200000 a 4500 | ||
|---|---|---|---|
| 001 | UCZ4677 | ||
| 003 | CL-VaPUC | ||
| 005 | 20240401121831.0 | ||
| 008 | 951110e19680000FR |||||||||||||||||fre|d | ||
| 999 | |c 241045 |d 241043 | ||
| 040 | |c Pontificia Universidad Católica de Valparaíso | ||
| 082 | 0 | 4 | |a 141 |b DHO |2 21 |
| 100 | 0 | |a D'Hondt, Jacques |e author |9 348693 | |
| 245 | 1 | 0 | |a Hegel en son temps. Berlin, 1818-1831 |
| 260 | |a París |b Editions Sociales |c 1968 | ||
| 300 | |a 299 p | ||
| 583 | |a last modification |c 19951110 00:00:00 |k Rodrigo Vera | ||
| 600 | 0 | |a Hegel, Georg Wilhelm Friedrich |d 1770-1831 |9 860268 | |
| 650 | 0 | |a Idealismo |9 265685 | |
| 650 | 0 | |a Escuelas filosóficas |9 266232 | |
| 650 | 0 | |a Familias |9 255641 | |
| 650 | 0 | |a Filosofía alemana |9 265002 | |
| 942 | |c BK |2 ddc | ||
| 945 | |d 19951110 00:00:00 |a lriquelm | ||
| 952 | |0 0 |1 0 |4 0 |6 141_000000000000000_DHO_1968 |7 0 |8 P |9 253193 |a BIBEDU |b BIBEDU |c BIBEDU_PB |d 2019-11-19 |i 1597213 |o 141 DHO 1968 |p 1597213 |r 2024-01-25 |w 2019-11-19 |y BK |k FIL | ||